Miasta w województwie łódzkim - Statystyki

Ogólne statystyki
  • Ten quiz został rozwiązany 169 razy
    23 od ostatniego zresetowania
  • Średni wynik to 33 z 60
Statystyki odpowiedzi
Populacja Miasto % Poprawnych
52 567 Bełchatów
95%
655 279 Łódź
95%
45 403 Skierniewice
90%
60 929 Pabianice
86%
66 901 Piotrków Trybunalski
86%
22 020 Aleksandrów Łódzki
81%
41 009 Kutno
81%
19 116 Opoczno
81%
57 728 Tomaszów Mazowiecki
81%
53 763 Zgierz
81%
43 216 Radomsko
76%
38 960 Sieradz
71%
20 682 Wieluń
71%
19 200 Konstantynów Łódzki
67%
26 099 Łowicz
67%
38 650 Zduńska Wola
67%
11 960 Brzeziny
62%
16 115 Łask
62%
13 155 Łęczyca
62%
6 820 Poddębice
62%
16 001 Rawa Mazowiecka
62%
18 168 Ozorków
57%
8 357 Wieruszów
57%
829 Inowłódz
52%
6 409 Pajęczno
52%
3 453 Rzgów
52%
7 189 Tuszyn
52%
2 265 Wolbórz
52%
7 572 Żychlin
52%
3 030 Biała Rawska
48%
3 531 Drzewica
48%
13 145 Głowno
48%
12 079 Koluszki
48%
919 Parzęczew
48%
1 562 Piątek
48%
3 381 Stryków
48%
5 969 Sulejów
48%
2 954 Uniejów
48%
2 007 Błaszki
43%
5 292 Działoszyn
43%
1 271 Jeżów
43%
2 597 Kamieńsk
43%
4 035 Krośniewice
43%
1 582 Lutomiersk
43%
2 204 Lututów
43%
1 611 Rozprza
43%
1 764 Szadek
43%
1 542 Ujazd
43%
2 952 Warta
43%
7 126 Zelów
43%
3 419 Złoczew
43%
947 Dąbrowice
33%
831 Kiernozia
33%
3 189 Przedbórz
33%
1 068 Białaczów
29%
1 150 Bolesławiec
29%
903 Bolimów
29%
1 350 Osjaków
29%
1 074 Żarnów
29%
1 003 Grabów
24%
Nie znaleziono quizów pasujących do podanych kryteriów
Rozkład punktacji
Procent ludzi z każdym wynikiem
Percentyl według liczby udzielonych odpowiedzi
Twoja historia wyników
Nie rozwiązałeś tego quizu od ostatniego zresetowania